000 00632nam a2200229 i 4500
001 C2-0316259
003 PPAK
005 20180728112227.0
008 120722s2011 si a|||| ||||| | eng d
020 _a9789812753090
040 _aPPAK
_beng
_cPPAK
_erda
082 0 4 _a641.865
_223
090 0 0 _a641.865
_bBAK
_dR
245 0 0 _aBaking treats
264 1 _aSingapore :
_bPage One Publishing ,
_c2011
300 _a255 pages :
_bcolour illustrations ;
_c19 cm
336 _2rdacontent
_atext
337 _2rdamedia
_aunmediated
338 _2rdacarrier
_avolume
650 1 0 _aBaking. ; Cake. ; Bread. ; Pies.
942 _ddc
_cB
999 _c117399
_d117399